000 01086cam a2200349 a 4500
999 _c2583
_d2583
001 131610
003 GBCCL
005 20241126110432.0
008 000503s2000 cau b 000 0 eng
010 _a 00034157
020 _a0830726403 (trade paper)
020 _a9780830726400 (trade paper)
029 1 _aAU@
_b000021502242
035 _a(OCoLC)ocm44019549
035 _a(OCoLC)44019549
040 _aDLC
_cDLC
_dBAKER
_dBTCTA
_dYDXCP
_dOCLCG
_dLBB
042 _apcc
043 _an-us---
049 _aLBBK
_aLBBC
050 0 0 _aBV3793
_b.B695 2000
082 0 0 _a269.2
_221
_bBRO
090 _aBV3793
_b.B695 2000
100 1 _aBrown, Michael L.,
_d1955-
_95419
245 1 0 _aRevolution! :
_bthe call to holy war /
_cMichael L. Brown.
260 _aVentura, Calif. :
_bRenew,
_cc2000.
300 _a339 p. ;
_c21 cm.
504 _aIncludes bibliographical references (p. [309]-339).
650 0 _aEvangelistic work
_zUnited States.
_93471
650 0 _aRevivals
_zUnited States
_91498
650 0 _aRevolutions
_xReligious aspects
_xChristianity.
_95420
942 _2ddc
_cBK
_02